<?xml version="1.0" encoding="UTF-8"?>
<record
    xmlns:xsi="http://www.w3.org/2001/XMLSchema-instance"
    xsi:schemaLocation="http://www.loc.gov/MARC21/slim http://www.loc.gov/standards/marcxml/schema/MARC21slim.xsd"
    xmlns="http://www.loc.gov/MARC21/slim">

  <leader>00463nam a2200169   4500</leader>
  <controlfield tag="001">44854</controlfield>
  <datafield tag="090" ind1=" " ind2=" ">
    <subfield code="a">44854</subfield>
  </datafield>
  <datafield tag="100" ind1=" " ind2=" ">
    <subfield code="a">20250926              pory50       </subfield>
  </datafield>
  <datafield tag="101" ind1=" " ind2=" ">
    <subfield code="a">por</subfield>
  </datafield>
  <datafield tag="102" ind1=" " ind2=" ">
    <subfield code="a">PT</subfield>
  </datafield>
  <datafield tag="200" ind1=" " ind2=" ">
    <subfield code="a">As tr&#xEA;s irm&#xE3;s e a ilha do tesouro</subfield>
    <subfield code="a">As tr&#xEA;s irm&#xE3;s e o feiticeiro de Oz</subfield>
    <subfield code="a">As tr&#xEA;s irm&#xE3;s e  Sandokan</subfield>
  </datafield>
  <datafield tag="210" ind1=" " ind2=" ">
    <subfield code="a">Lisboa</subfield>
    <subfield code="c">Cromosoma </subfield>
    <subfield code="c">dist. Filmes Unimundos</subfield>
    <subfield code="d">2007</subfield>
  </datafield>
  <datafield tag="215" ind1=" " ind2=" ">
    <subfield code="a">1 DVD</subfield>
  </datafield>
  <datafield tag="300" ind1=" " ind2=" ">
    <subfield code="a">M/4
78 m.</subfield>
  </datafield>
  <datafield tag="675" ind1=" " ind2=" ">
    <subfield code="a">087.5</subfield>
  </datafield>
  <datafield tag="801" ind1=" " ind2=" ">
    <subfield code="a">PT</subfield>
    <subfield code="g">RPC</subfield>
  </datafield>
  <datafield tag="990" ind1=" " ind2=" ">
    <subfield code="c">FILMES DVD</subfield>
  </datafield>
  <datafield tag="995" ind1=" " ind2=" ">
    <subfield code="1">0</subfield>
    <subfield code="9">74429</subfield>
    <subfield code="b">BAVR</subfield>
    <subfield code="c">BAVR</subfield>
    <subfield code="f">80965</subfield>
    <subfield code="k">ANIM TRE</subfield>
    <subfield code="o">0</subfield>
    <subfield code="r">LIVROS</subfield>
    <subfield code="u">502 Filme de anima&#xE7;&#xE3;o para crian&#xE7;as</subfield>
  </datafield>
</record>
